[Event "Lichtenrader Herbst 2019"]
[Site "Berlin"]
[Date "2019.10.19"]
[Round "8.9"]
[White "Lopez Gomez, Jose Pablo"]
[Black "Wierzbicki, Jirawat"]
[Result "0-1"]
[WhiteElo "2064"]
[BlackElo "2114"]
[PlyCount "84"]
[EventDate "2019.??.??"]

1. e4 e5 2. Nf3 Nc6 3. Bb5 a6 4. Ba4 Nf6 5. Qe2 b5 6. Bb3 Be7 7. c3 O-O 8. O-O
d5 9. d3 Be6 10. Rd1 Re8 11. Nbd2 Qd7 12. Nf1 d4 13. Bxe6 Qxe6 14. Ng5 Qd7 15.
f4 exf4 16. Bxf4 dxc3 17. bxc3 Bd6 18. Bxd6 cxd6 19. Ng3 d5 20. Rf1 h6 21. Nh3
Nh7 22. Nf5 Ne7 23. Qf3 Nxf5 24. exf5 d4 25. cxd4 Qxd4+ 26. Kh1 Rad8 27. Nf4
Nf6 28. Rae1 Rxe1 29. Rxe1 a5 30. h3 b4 31. Rb1 Nd5 32. Ne2 Qe3 33. Qe4 Qd2 34.
Rf1 Nf6 35. Qf3 Qxd3 36. Qxd3 Rxd3 37. Rc1 Rd2 38. Rc8+ Kh7 39. Nc1 Ne4 40. Kh2
Nc3 41. Rc5 a4 42. a3 Rd1 0-1

[Event "Lichtenrader Herbst 2019"]
[Site "Berlin"]
[Date "2019.10.19"]
[Round "8.10"]
[White "Fuchs, Dominik"]
[Black "nn"]
[Result "1-0"]
[WhiteElo "1939"]
[BlackElo "2124"]
[PlyCount "73"]
[EventDate "2019.??.??"]

1. e4 b6 2. d4 Bb7 3. Bd3 g6 4. Nf3 Bg7 5. O-O d6 6. c4 Nd7 7. Re1 e5 8. d5 Ne7
9. Be3 O-O 10. Nc3 Nc5 11. b4 Nxd3 12. Qxd3 h6 13. Nd2 f5 14. f3 Bc8 15. c5 f4
16. Bf2 g5 17. a4 Qe8 18. Nb5 Ba6 19. cxd6 cxd6 20. Rec1 Qd7 21. Qa3 Rac8 22.
Rxc8 Rxc8 23. Nxa7 Qxa7 24. b5 Rc2 25. Qd3 Rxd2 26. Qxd2 Bxb5 27. Qb4 Be8 28.
Qxd6 Bf8 29. Qe6+ Bf7 30. Qxb6 Qa8 31. a5 Nxd5 32. exd5 Bxd5 33. Rc1 Bf7 34. a6
e4 35. Qb7 Qd8 36. Qxe4 Qa5 37. a7 1-0

[Event "Lichtenrader Herbst 2019"]
[Site "Berlin"]
[Date "2019.10.19"]
[Round "8.11"]
[White "Jaeschke, Jens-Uwe"]
[Black "Spors, Carl Philip"]
[Result "1/2-1/2"]
[WhiteElo "2116"]
[BlackElo "1971"]
[PlyCount "96"]
[EventDate "2019.??.??"]

1. Nf3 Nf6 2. g3 g6 3. Bg2 Bg7 4. O-O O-O 5. d3 d6 6. e4 e5 7. a4 c6 8. Nbd2
Qc7 9. c3 d5 10. Re1 Re8 11. b4 a5 12. Nb3 axb4 13. cxb4 Bf8 14. Bg5 Nbd7 15.
b5 d4 16. Qc2 h6 17. Bd2 Qd6 18. bxc6 bxc6 19. Na5 c5 20. Nc4 Qc7 21. Bh3 Ba6
22. Reb1 Reb8 23. Ba5 Rxb1+ 24. Rxb1 Qc6 25. Bd2 Bxc4 26. Qxc4 Rxa4 27. Qb5
Qxb5 28. Rxb5 Ra3 29. Rb7 Rxd3 30. Kg2 Nxe4 31. Rxd7 Rxd2 32. Nxd2 Nxd2 33. Rc7
c4 34. Bd7 c3 35. Be8 Ne4 36. Bxf7+ Kh8 37. Bxg6 Nc5 38. Kf3 d3 39. Rxc5 Bxc5
40. Bxd3 Kg7 41. Ke4 Kf6 42. f4 exf4 43. Kxf4 Bd6+ 44. Kg4 Ke5 45. Kh5 Kd4 46.
Bf5 Bf8 47. g4 Ke3 48. h4 Kd2 1/2-1/2

[Event "Lichtenrader Herbst 2019"]
[Site "Berlin"]
[Date "2019.10.19"]
[Round "8.12"]
[White "Roehr, Oliver"]
[Black "Tschernatsch, Johannes"]
[Result "1-0"]
[WhiteElo "1987"]
[BlackElo "2132"]
[PlyCount "62"]
[EventDate "2019.??.??"]

1. e4 c5 2. Nf3 d6 3. c4 e5 4. Nc3 Nc6 5. d3 g6 6. Bg5 Be7 7. Bxe7 Ngxe7 8. Be2
O-O 9. Qd2 Nd4 10. Qh6 Nxf3+ 11. gxf3 Nc6 12. h4 Qf6 13. h5 Qg7 14. hxg6 fxg6
15. Nb5 Rf6 16. Qxg7+ Kxg7 17. Nc7 Rb8 18. Ne8+ Kf7 19. Nxf6 Kxf6 20. Rxh7 Be6
21. Kd2 b5 22. b3 bxc4 23. dxc4 Rb6 24. Rah1 Ra6 25. a4 Rb6 26. Bd1 a5 27. Rh8
Nd4 28. Kc3 Rb7 29. Rf8+ Bf7 30. Rh7 Ra7 31. Rhh8 Ke7 1-0

[Event "Lichtenrader Herbst 2019"]
[Site "Berlin"]
[Date "2019.10.19"]
[Round "8.13"]
[White "Guenther, Thomas"]
[Black "Hommel, Niclas"]
[Result "0-1"]
[WhiteElo "1966"]
[BlackElo "2065"]
[PlyCount "66"]
[EventDate "2019.??.??"]

1. Nf3 Nf6 2. e3 g6 3. b3 Bg7 4. Bb2 O-O 5. Be2 c5 6. O-O Nc6 7. d4 d5 8. h3
Ne4 9. Ne5 cxd4 10. exd4 Qc7 11. Nxc6 Qxc6 12. c4 dxc4 13. Bxc4 Nd6 14. Be2 Bf5
15. Nc3 Ne4 16. Nxe4 Bxe4 17. Rc1 Qd7 18. Bf3 Bxf3 19. Qxf3 Rac8 20. Qe4 e6 21.
Rfd1 Rfd8 22. Qf4 Qd5 23. Rxc8 Rxc8 24. Rd2 Rd8 25. Bc3 a6 26. Qc7 h5 27. Ba5
Rd7 28. Qc8+ Kh7 29. Qc5 Bxd4 30. Qb4 Qe4 31. Kf1 Rd5 32. Bb6 Qb1+ 33. Ke2 Re5+
0-1

[Event "Lichtenrader Herbst 2019"]
[Site "Berlin"]
[Date "2019.10.19"]
[Round "8.15"]
[White "Kutschke, Jens"]
[Black "Alten, Silvio"]
[Result "0-1"]
[WhiteElo "2002"]
[BlackElo "1893"]
[PlyCount "70"]
[EventDate "2019.??.??"]

1. e4 d5 2. exd5 Qxd5 3. d4 Nc6 4. Nf3 Bg4 5. Be2 O-O-O 6. Be3 e6 7. O-O Nf6 8.
c4 Qd7 9. Nc3 Bxf3 10. Bxf3 Nxd4 11. Bxd4 Qxd4 12. Qa4 Qc5 13. b4 Qxc4 14. Nb5
a6 15. Nxc7 Ne4 16. Bxe4 Qxe4 17. Rac1 Kb8 18. Nxa6+ bxa6 19. Rc6 Rd6 20. Rc3
Be7 21. Qa5 Qb7 22. Qe5 f6 23. Qg3 g5 24. a4 Rhd8 25. b5 a5 26. b6 Rc8 27. Rb3
Rc5 28. Qh3 Bd8 29. Qh6 Rcd5 30. Qf8 Qe7 31. Qg8 Kb7 32. h3 Rd1 33. g3 Rxf1+
34. Kxf1 Bxb6 35. Kg2 Rd8 0-1

[Event "Lichtenrader Herbst 2019"]
[Site "Berlin"]
[Date "2019.10.19"]
[Round "8.16"]
[White "Petersen, Marcel"]
[Black "Verbitsky, Jaroslaw"]
[Result "1-0"]
[WhiteElo "1818"]
[BlackElo "1853"]
[PlyCount "61"]
[EventDate "2019.??.??"]

1. e4 c6 2. d4 d5 3. exd5 cxd5 4. c4 Nf6 5. Nc3 Nc6 6. Bf4 Bg4 7. f3 Bf5 8. g4
Be6 9. c5 g6 10. Bb5 Bg7 11. Nge2 O-O 12. a3 Ne8 13. b4 Nc7 14. Bxc6 bxc6 15.
Qd2 f5 16. g5 Bf7 17. Bxc7 Qxc7 18. f4 Rfb8 19. O-O a5 20. Na4 axb4 21. axb4
Rb7 22. Ra2 Rba7 23. Rfa1 Qb7 24. Nb6 Rxa2 25. Rxa2 Ra6 26. Ra5 Rxa5 27. bxa5
Qa6 28. Kf2 Be6 29. Ke3 Bc8 30. Nxc8 Qxc8 31. Qd3 1-0

[Event "Lichtenrader Herbst 2019"]
[Site "Berlin"]
[Date "2019.10.19"]
[Round "8.17"]
[White "Budt, Matthias"]
[Black "Casado Perez, Miguel"]
[Result "1-0"]
[WhiteElo "2188"]
[BlackElo "1898"]
[PlyCount "47"]
[EventDate "2019.??.??"]

1. d4 Nf6 2. Nf3 e6 3. c4 b6 4. g3 Ba6 5. Qc2 c5 6. d5 exd5 7. cxd5 Bb7 8. Bg2
Bxd5 9. O-O Be7 10. Nc3 Bb7 11. Rd1 O-O 12. e4 Nc6 13. e5 Ne8 14. Qf5 d6 15.
Qh5 f6 16. Nh4 Na5 17. Nd5 fxe5 18. Be4 Nf6 19. Nxf6+ Rxf6 20. Bxh7+ Kf8 21.
Ng6+ Rxg6 22. Bxg6 Bf6 23. Bg5 Nc6 24. Qh8+ 1-0

[Event "Lichtenrader Herbst 2019"]
[Site "Berlin"]
[Date "2019.10.19"]
[Round "8.18"]
[White "Rouditser, Benjamin"]
[Black "Dathe, Frederick"]
[Result "0-1"]
[WhiteElo "1853"]
[BlackElo "2084"]
[PlyCount "135"]
[EventDate "2019.??.??"]

1. d4 Nf6 2. c4 c5 3. d5 b5 4. cxb5 a6 5. f3 axb5 6. e4 c4 7. a4 d6 8. b3 Bd7
9. Na3 Qa5+ 10. Kf2 Qc3 11. Be3 e5 12. bxc4 Rxa4 13. Ne2 Qa5 14. Nc2 Rxa1 15.
Qxa1 Qxa1 16. Nxa1 b4 17. Bd2 Na6 18. Nc1 Be7 19. Nc2 Bd8 20. Nxb4 Bb6+ 21. Ke1
Nc5 22. Ncd3 Nb3 23. Bc3 Ke7 24. Be2 Rc8 25. Nb2 Ra8 26. Bd1 Nc5 27. Kd2 Ra3
28. Re1 Ne8 29. N4d3 Nxd3 30. Nxd3 Nc7 31. Bc2 Na6 32. Rb1 Bd8 33. Rb7 Ke8 34.
c5 Bg5+ 35. f4 exf4 36. h4 Bh6 37. Bb2 f3+ 38. Ke1 fxg2 39. Kf2 Rxd3 40. Bxd3
Nxc5 41. Rb8+ Ke7 42. Bc2 Bh3 43. Bd4 Bf4 44. Kg1 h5 45. Ra8 f6 46. Ra3 Bg4 47.
Kxg2 g5 48. Ra7+ Nd7 49. hxg5 fxg5 50. Ba4 h4 51. Bxd7 Bxd7 52. Bf6+ Kxf6 53.
Rxd7 Ke5 54. Kf3 h3 55. Re7+ Kd4 56. Rh7 h2 57. Rh5 Kd3 58. Rh7 Be5 59. Rh5 g4+
60. Kxg4 Ke2 61. Kf5 Kf2 62. Ke6 Bg3 63. e5 Bxe5 64. Rxe5 dxe5 65. Kxe5 h1=Q
66. Ke6 Qh6+ 67. Ke7 Qg5+ 68. Ke6 0-1

[Event "Lichtenrader Herbst 2019"]
[Site "Berlin"]
[Date "2019.10.19"]
[Round "8.19"]
[White "Noeldner, Julian"]
[Black "Kostanyan, Hakob"]
[Result "1/2-1/2"]
[WhiteElo "2051"]
[BlackElo "1887"]
[PlyCount "104"]
[EventDate "2019.??.??"]

1. e4 e5 2. Nf3 Nc6 3. Bb5 a6 4. Ba4 Nf6 5. O-O b5 6. Bb3 Be7 7. d4 d6 8. dxe5
Nxe5 9. Nxe5 dxe5 10. Qxd8+ Bxd8 11. a4 Bb7 12. axb5 axb5 13. Rxa8 Bxa8 14. f3
c5 15. Rd1 c4 16. Ba2 Bb6+ 17. Kf1 O-O 18. b3 cxb3 19. Bxb3 Rd8 20. Rxd8+ Bxd8
21. Na3 Bc6 22. c4 bxc4 23. Nxc4 Bb5 24. Ke1 Bxc4 25. Bxc4 Ba5+ 26. Ke2 Bb4 27.
Bb2 Bd6 28. f4 Nxe4 29. Ke3 Nc5 30. Bxe5 Bxe5 31. fxe5 Kf8 32. Kd4 Nb7 33. Kd5
Ke7 34. Ba6 Nd8 35. Bc8 h5 36. h4 g6 37. g3 f6 38. e6 f5 39. Ke5 Nc6+ 40. Kf4
Kf6 41. Ke3 Nd8 42. Bd7 Nxe6 43. Bb5 Nc7 44. Bc4 Ne8 45. Kf4 Nd6 46. Bd3 Nf7
47. Bb5 Nd6 48. Bd3 Nf7 49. Bb5 g5+ 50. hxg5+ Nxg5 51. Bd7 Nh3+ 52. Kf3 Ng5+
1/2-1/2

[Event "Lichtenrader Herbst 2019"]
[Site "Berlin"]
[Date "2019.10.19"]
[Round "8.20"]
[White "Heuer, Thomas"]
[Black "Matthes, Benjamin"]
[Result "1-0"]
[WhiteElo "2068"]
[BlackElo "1835"]
[PlyCount "119"]
[EventDate "2019.??.??"]

1. d4 d5 2. Nf3 e6 3. c4 c5 4. cxd5 exd5 5. Nc3 Nc6 6. g3 Nf6 7. Bg2 c4 8. O-O
Be7 9. Ne5 O-O 10. e4 dxe4 11. Nxc6 bxc6 12. Nxe4 Nxe4 13. Bxe4 Bh3 14. Qh5 f5
15. Qxh3 fxe4 16. Qe6+ Kh8 17. Qxe4 Bf6 18. Be3 Qb6 19. Qc2 Bxd4 20. Bxd4 Qxd4
21. Rad1 Qb6 22. Rd2 Qa6 23. Rd4 Qxa2 24. Rxc4 Rab8 25. Rb1 Rf6 26. Rd1 Rbf8
27. Rxc6 Rxc6 28. Qxc6 Qxb2 29. Qc5 Qb8 30. Ra1 Rf7 31. Re1 Qf8 32. Qxf8+ Rxf8
33. Ra1 Ra8 34. Ra6 g6 35. f4 Kg7 36. Kg2 Kf7 37. Kf3 Kg7 38. Kg4 h6 39. h4 Kh7
40. h5 gxh5+ 41. Kxh5 Kg7 42. f5 Kf7 43. Kh4 Kg7 44. Kg4 Kh7 45. Kh5 Kg7 46. g4
Rh8 47. Rxa7+ Kf6 48. Ra6+ Kg7 49. Rg6+ Kf7 50. Rxh6 Ra8 51. Rb6 Ra2 52. Kg5
Ra7 53. Rb4 Rc7 54. Kf4 Rc1 55. Rb7+ Kf8 56. Kg5 Rc4 57. f6 Rd4 58. Kf5 Rd5+
59. Kg6 Rd8 60. Rh7 1-0

[Event "Lichtenrader Herbst 2019"]
[Site "Berlin"]
[Date "2019.10.19"]
[Round "8.21"]
[White "Barbier, Astrid"]
[Black "Tham, Minh"]
[Result "1/2-1/2"]
[WhiteElo "1974"]
[BlackElo "1856"]
[PlyCount "98"]
[EventDate "2019.??.??"]

1. e4 e5 2. Nf3 Nc6 3. d4 exd4 4. Bc4 Nf6 5. e5 d5 6. Bb5 Ne4 7. Nxd4 Bd7 8.
Bxc6 bxc6 9. O-O Bc5 10. Qd3 O-O 11. Nc3 Nxc3 12. Qxc3 Qe7 13. Be3 Bb4 14. Nxc6
Bxc6 15. Qxc6 Qxe5 16. c3 Qd6 17. Qa4 Bc5 18. Bf4 Qb6 19. Qc2 Bd6 20. Bxd6 Qxd6
21. Rad1 c6 22. c4 Qc5 23. Rc1 Rab8 24. b3 d4 25. Rfd1 Rbd8 26. Rd3 Qf5 27. c5
Rfe8 28. h3 Re5 29. b4 Rde8 30. Rd2 Qf4 31. Rf1 Re1 32. Rd1 Rxf1+ 33. Rxf1 Rd8
34. Qd3 Qe5 35. Rd1 a5 36. a3 axb4 37. axb4 g6 38. Qc4 Qd5 39. Qxd5 Rxd5 40.
Rd3 Kf8 41. f4 Ke7 42. Kf2 Ke6 43. Kf3 Rd7 44. Ke2 Kd5 45. Ra3 Kc4 46. Ra6 Rc7
47. Rb6 d3+ 48. Kd2 Kd4 49. Rb8 Re7 1/2-1/2

[Event "Lichtenrader Herbst 2019"]
[Site "Berlin"]
[Date "2019.10.19"]
[Round "8.22"]
[White "Arndt, Uwe"]
[Black "Schulz, Stefan"]
[Result "1-0"]
[WhiteElo "1942"]
[BlackElo "1876"]
[PlyCount "81"]
[EventDate "2019.??.??"]

1. d4 Nf6 2. c4 g6 3. Nc3 d5 4. cxd5 Nxd5 5. e4 Nxc3 6. bxc3 Bg7 7. Nf3 c5 8.
Be3 Qa5 9. Bd2 Qc7 10. Be2 O-O 11. O-O Rd8 12. Be3 Nc6 13. h3 b6 14. Qc2 Na5
15. Rac1 Bb7 16. Qb1 e6 17. Rfd1 c4 18. h4 Qc6 19. Nd2 Rf8 20. Bf3 Qd7 21. Bf4
Qe7 22. e5 Rac8 23. Bg5 f6 24. exf6 Bxf6 25. Ne4 Bxg5 26. Nxg5 Rf4 27. Bxb7
Nxb7 28. g3 Rf6 29. Re1 Rcf8 30. Re2 h6 31. Nh3 Kg7 32. Rce1 Nd6 33. Nf4 Re8
34. Nd5 Qf7 35. Nxf6 Qxf6 36. Qb4 Nf5 37. Qxc4 Nxh4 38. gxh4 Qxh4 39. Qc7+ Re7
40. Qe5+ Kh7 41. Re4 1-0

[Event "Lichtenrader Herbst 2019"]
[Site "Berlin"]
[Date "2019.10.19"]
[Round "8.23"]
[White "Tham, Nam"]
[Black "Francois, Yannick"]
[Result "0-1"]
[WhiteElo "1927"]
[BlackElo "1783"]
[PlyCount "96"]
[EventDate "2019.??.??"]

1. e4 c5 2. Nf3 Nc6 3. d4 cxd4 4. Nxd4 Nf6 5. Nc3 e5 6. Nxc6 dxc6 7. Qxd8+ Kxd8
8. Bc4 Bb4 9. f3 Ke7 10. Be3 Be6 11. Bb3 Nd7 12. Ke2 Bc5 13. Bd2 Nb6 14. Na4
Nxa4 15. Bxa4 Bc4+ 16. Ke1 Rad8 17. Bb3 Bf2+ 18. Kxf2 Rxd2+ 19. Kg3 Bxb3 20.
axb3 a6 21. Rac1 Rhd8 22. Rhe1 R8d6 23. Rg1 Re2 24. h4 Rdd2 25. c4 Re3 26. Rgd1
Rxb2 27. c5 Ree2 28. Rg1 Rxb3 29. Rb1 Rbb2 30. Kh3 Kd7 31. Rbd1+ Red2 32. Rc1
Kc7 33. Rc3 Rbc2 34. Rc1 Rxc1 35. Rxc1 Rb2 36. g3 b6 37. Kg4 Rb5 38. cxb6+ Kxb6
39. Kf5 a5 40. h5 h6 41. g4 a4 42. Ra1 Ra5 43. Rb1+ Kc7 44. g5 hxg5 45. Kxg5 a3
46. Kf5 a2 47. Ra1 Kd7 48. Rd1+ Ke7 0-1

[Event "Lichtenrader Herbst 2019"]
[Site "Berlin"]
[Date "2019.10.19"]
[Round "8.24"]
[White "Schmalzried, Volker"]
[Black "Riering, Berthold"]
[Result "1/2-1/2"]
[WhiteElo "1808"]
[BlackElo "1983"]
[PlyCount "85"]
[EventDate "2019.??.??"]

1. c4 e5 2. Nc3 Nf6 3. g3 d5 4. cxd5 Nxd5 5. Bg2 Nb6 6. d3 Nc6 7. Nf3 Be7 8.
O-O O-O 9. Bd2 Be6 10. a3 f6 11. b4 a5 12. b5 Nd4 13. Nxd4 exd4 14. Na4 Bd5 15.
Nxb6 cxb6 16. a4 Bxg2 17. Kxg2 Qd5+ 18. Kg1 Rac8 19. Qb1 Rc7 20. Qb2 Bc5 21.
Qa2 Qxa2 22. Rxa2 Re7 23. Re1 Rfe8 24. Kf1 Kf7 25. Rc2 g5 26. Bc1 h5 27. Bb2 h4
28. Rc4 hxg3 29. hxg3 Rd7 30. g4 Ke6 31. Kg2 Rh8 32. Rh1 Rxh1 33. Kxh1 Kd5 34.
Kg2 Re7 35. Rc2 Rh7 36. f3 Bd6 37. Kg1 Bc5 38. Kg2 Ke5 39. Bc1 Kd5 40. Bb2 Bd6
41. Kg1 Bh2+ 42. Kg2 Bf4 43. Kg1 1/2-1/2

[Event "Lichtenrader Herbst 2019"]
[Site "Berlin"]
[Date "2019.10.19"]
[Round "8.25"]
[White "Stumpf, Daniel"]
[Black "Al Ahmad, Khaled"]
[Result "1-0"]
[WhiteElo "2045"]
[BlackElo "1718"]
[PlyCount "132"]
[EventDate "2019.??.??"]

1. c4 g6 2. Nc3 Bg7 3. g3 Nf6 4. Bg2 d6 5. Nf3 Nc6 6. O-O e5 7. d4 exd4 8. Nxd4
Bd7 9. b3 Qc8 10. Re1 O-O 11. e3 Re8 12. Bb2 Ng4 13. Qd2 h5 14. h4 Nxd4 15.
exd4 c6 16. Rxe8+ Bxe8 17. d5 Qc7 18. dxc6 Bxc6 19. Nd5 Bxd5 20. Bxd5 Bxb2 21.
Qxb2 Re8 22. Qd4 b6 23. Rd1 Qc5 24. Qf4 Re7 25. Kg2 Kg7 26. Rd2 Qa3 27. Re2 Ne5
28. Qd4 Qc5 29. Qa1 f6 30. Qe1 Kf8 31. Qd2 Ng4 32. Rxe7 Kxe7 33. Qf4 a5 34.
Qe4+ Kd8 35. Qe2 g5 36. hxg5 fxg5 37. Bf7 Qe5 38. Qf3 Nf6 39. Bxh5 Qe4 40. Qxe4
Nxe4 41. Kf3 Nf6 42. Bg6 Kd7 43. Ke3 Ng4+ 44. Kd4 Ke6 45. f3 Ne5 46. Bh5 Nc6+
47. Ke4 Ne7 48. Bg4+ Kf6 49. a3 Kf7 50. f4 gxf4 51. Kxf4 Kf6 52. Bd7 Ng6+ 53.
Ke4 Ne5 54. Bc8 a4 55. bxa4 Nxc4 56. Kd5 Nxa3 57. Bd7 Ke7 58. Bb5 Nc2 59. Kc6
Nb4+ 60. Kxb6 Ke6 61. a5 Kf5 62. Be2 Ke5 63. a6 Nxa6 64. Kxa6 Kd4 65. g4 Ke4
66. Kb5 Ke5 1-0

[Event "Lichtenrader Herbst 2019"]
[Site "Berlin"]
[Date "2019.10.19"]
[Round "8.26"]
[White "Rosmait, Emily"]
[Black "Froehlich, Sergej"]
[Result "1/2-1/2"]
[WhiteElo "1908"]
[BlackElo "1763"]
[PlyCount "70"]
[EventDate "2019.??.??"]

1. e4 c6 2. d4 d5 3. Nc3 dxe4 4. Nxe4 Nd7 5. Nf3 Ngf6 6. Ng3 Qc7 7. b3 e6 8.
Bb2 Be7 9. Bd3 c5 10. O-O O-O 11. c4 b6 12. Re1 Bb7 13. Qe2 Rfe8 14. a3 Nf8 15.
Ne5 Bd6 16. Bc3 Ng6 17. Nxg6 hxg6 18. dxc5 bxc5 19. b4 Rad8 20. b5 Nh5 21. Be4
Nf4 22. Qc2 Bxe4 23. Qxe4 f5 24. Qc2 e5 25. f3 Ne6 26. a4 e4 27. fxe4 Bxg3 28.
hxg3 Qxg3 29. Rad1 Ng5 30. Rxd8 Rxd8 31. Rf1 fxe4 32. Kh1 Qh4+ 33. Kg1 Qg3 34.
Kh1 Qh4+ 35. Kg1 Qg3 1/2-1/2

[Event "Lichtenrader Herbst 2019"]
[Site "Berlin"]
[Date "2019.10.19"]
[Round "8.27"]
[White "Grassi, Fabrizio"]
[Black "Harutyunyan, Axel"]
[Result "1/2-1/2"]
[WhiteElo "1863"]
[BlackElo "1909"]
[PlyCount "154"]
[EventDate "2019.??.??"]

1. d4 Nf6 2. Bf4 e6 3. e3 d5 4. Nd2 c5 5. c3 Nc6 6. Bd3 cxd4 7. exd4 Bd6 8.
Bxd6 Qxd6 9. Ngf3 O-O 10. O-O e5 11. dxe5 Nxe5 12. Nxe5 Qxe5 13. Nf3 Qc7 14. h3
Bd7 15. Qc2 Rad8 16. Rfe1 Qf4 17. Re3 Rfe8 18. Rae1 h6 19. Qd2 Qa4 20. Rxe8+
Bxe8 21. a3 Rd6 22. Nd4 Rb6 23. Re7 Qa5 24. Qe2 Bd7 25. Rxd7 Nxd7 26. Qe8+ Nf8
27. Nf5 Re6 28. Ne7+ Rxe7 29. Qxe7 Qb6 30. Qe2 d4 31. cxd4 Qxd4 32. Bc4 Qd7 33.
b3 Ng6 34. Bb5 Nf4 35. Qe5 Qd1+ 36. Kh2 Qxb3 37. Qxf4 Qxb5 38. Qb8+ Kh7 39.
Qxa7 Qe5+ 40. Kg1 Qe7 41. Qd4 g6 42. Qc3 h5 43. Qf3 Kg8 44. Qc3 Qe6 45. Kf1 Qd6
46. Kg1 Kh7 47. Qf3 Qe7 48. Qc3 h4 49. Qf3 Kg8 50. Qc3 b6 51. Qc8+ Kg7 52. Qc3+
Qf6 53. Qe3 Qd6 54. Qf3 Qd4 55. g3 hxg3 56. Qxg3 f6 57. Qc7+ Kh6 58. Qg3 g5 59.
Qf3 Kg6 60. Qg3 Kf5 61. Qb3 Ke5 62. Qg3+ Kd5 63. Qc7 Qc5 64. Qf7+ Ke5 65. Qe8+
Kf4 66. Qb8+ Ke4 67. Qb7+ Kd3 68. Qf3+ Kc4 69. Qxf6 Kb3 70. Qf3+ Ka4 71. Qg3 b5
72. Kg2 Qd5+ 73. Kf1 Qd1+ 74. Kg2 Qd5+ 75. Kf1 Qd1+ 76. Kg2 Qc1 77. Kh2 Qc5
1/2-1/2

[Event "Lichtenrader Herbst 2019"]
[Site "Berlin"]
[Date "2019.10.19"]
[Round "8.28"]
[White "Schnabel, Luise"]
[Black "Guder, Sibylle"]
[Result "1/2-1/2"]
[WhiteElo "1900"]
[BlackElo "1915"]
[PlyCount "233"]
[EventDate "2019.??.??"]

1. e4 c5 2. Nf3 d6 3. d4 cxd4 4. Nxd4 Nf6 5. Nc3 a6 6. Bg5 e6 7. f4 Be7 8. Qf3
Qc7 9. O-O-O Nbd7 10. Bd3 h6 11. Bh4 g5 12. fxg5 Ne5 13. Qe2 Nfg4 14. h3 hxg5
15. Bg3 Nxd3+ 16. Rxd3 Ne5 17. Bxe5 dxe5 18. Nf3 Bd7 19. Rhd1 O-O-O 20. Qe3 f6
21. Qa7 Bc6 22. Qa8+ Qb8 23. Qxb8+ Kxb8 24. a3 Kc7 25. Rxd8 Bxd8 26. Rd3 Be7
27. Kd2 b5 28. Ke2 a5 29. a4 bxa4 30. Nd2 Rh4 31. g4 Rh8 32. Nc4 Bb4 33. Rf3
Rh6 34. Re3 Bxc3 35. Rxc3 Bb5 36. Kf2 Bxc4 37. Rxc4+ Kb6 38. Rc3 Kb5 39. Ke2
Rh8 40. Rf3 Rh6 41. Rc3 Kb4 42. Kd2 Rh8 43. Rf3 Rf8 44. Ke2 Kc5 45. Ra3 Rb8 46.
Rxa4 Rxb2 47. Rxa5+ Kb4 48. Ra6 Rxc2+ 49. Kf3 Rc3+ 50. Kg2 Kb5 51. Rxe6 Rc6 52.
Re8 Kc5 53. Kf3 Kd6 54. Rd8+ Ke6 55. Rd3 Rc1 56. Kf2 Rh1 57. Kg2 Re1 58. Kf3
Rf1+ 59. Ke2 Rh1 60. Kf2 Rh2+ 61. Kg3 Re2 62. Kf3 Re1 63. Rd2 Rf1+ 64. Ke2 Rh1
65. Rd3 Rh2+ 66. Ke1 Rb2 67. Kf1 Rb4 68. Re3 Rd4 69. Ke2 Ke7 70. Kf3 Kd6 71.
Ra3 Kc5 72. Ke3 Rd6 73. Rc3+ Kb5 74. Ke2 Rc6 75. Rd3 Kc4 76. Rd8 Ra6 77. Rd2
Rb6 78. Rd8 Kc5 79. Rd5+ Kc4 80. Rd8 Rb2+ 81. Kf3 Rb3+ 82. Kf2 Rxh3 83. Rd6 Rh6
84. Kf3 Kc5 85. Rd8 Kc6 86. Kf2 Kc7 87. Rd3 Rh7 88. Rf3 Rf7 89. Rd3 Rf8 90. Ke2
Rh8 91. Kf2 Ra8 92. Ke2 Ra6 93. Kf2 Ra2+ 94. Kf1 Ra6 95. Kf2 Rd6 96. Rf3 Kd7
97. Ke3 Ke6 98. Rh3 Rd1 99. Rh2 Re1+ 100. Kf3 Rf1+ 101. Ke3 Kd6 102. Rc2 Rd1
103. Rf2 Ke6 104. Rh2 Ra1 105. Rd2 Ra3+ 106. Kf2 Rh3 107. Rd1 Rh2+ 108. Kf3 Rc2
109. Ke3 Rc3+ 110. Kf2 Rb3 111. Rd2 Rb1 112. Rd3 Rh1 113. Rg3 Rh2+ 114. Ke3 Ra2
115. Rg1 Rb2 116. Rd1 Rb3+ 117. Kf2 1/2-1/2

[Event "Lichtenrader Herbst 2019"]
[Site "Berlin"]
[Date "2019.10.19"]
[Round "8.29"]
[White "Hofmeister, Frank"]
[Black "Bender, Sebastian"]
[Result "1-0"]
[WhiteElo "1827"]
[BlackElo "1911"]
[PlyCount "49"]
[EventDate "2019.??.??"]

1. e4 c5 2. Nf3 e6 3. d4 cxd4 4. Nxd4 Nc6 5. Be2 Qc7 6. O-O Nf6 7. Nc3 a6 8.
Kh1 Nxd4 9. Qxd4 Bc5 10. Qd3 b5 11. f4 h5 12. e5 Ng4 13. Ne4 Ba7 14. Nd6+ Kf8
15. Bxg4 hxg4 16. f5 Qc5 17. fxe6 Qxe5 18. Rxf7+ Kg8 19. Bf4 Qxe6 20. Qc3 Rh7
21. Re1 Qxf7 22. Nxf7 Kxf7 23. Qb3+ Kf6 24. Qd5 Rb8 25. Qd6+ 1-0

[Event "Lichtenrader Herbst 2019"]
[Site "Berlin"]
[Date "2019.10.19"]
[Round "8.30"]
[White "Hohn, August"]
[Black "Federau, Juergen"]
[Result "0-1"]
[WhiteElo "1832"]
[BlackElo "2083"]
[PlyCount "48"]
[EventDate "2019.??.??"]

1. c4 e5 2. Nc3 Nc6 3. Nf3 f5 4. d4 e4 5. Ng5 Bb4 6. g3 d6 7. a3 Bxc3+ 8. bxc3
Nf6 9. Bg2 O-O 10. O-O h6 11. Nh3 Na5 12. Qa4 b6 13. Nf4 Qe8 14. Qxe8 Rxe8 15.
c5 dxc5 16. dxc5 Nb3 17. Ra2 Nxc5 18. Be3 Ne6 19. Rd2 Nxf4 20. Bxf4 c5 21. Rfd1
Be6 22. Rd6 Kf7 23. R1d2 g5 24. Be3 Ng4 0-1

[Event "Lichtenrader Herbst 2019"]
[Site "Berlin"]
[Date "2019.10.20"]
[Round "9.1"]
[White "Shishkin, Vadim"]
[Black "Matthes, Aaron"]
[Result "1/2-1/2"]
[WhiteElo "2428"]
[BlackElo "1995"]
[PlyCount "140"]
[EventDate "2019.??.??"]

1. d4 Nf6 2. c4 e6 3. Nc3 Bb4 4. Nf3 O-O 5. Bg5 c5 6. Rc1 cxd4 7. Nxd4 h6 8.
Bh4 d5 9. e3 e5 10. Nf3 d4 11. exd4 exd4 12. Bxf6 Qxf6 13. Qxd4 Qe7+ 14. Qe3
Bxc3+ 15. Rxc3 Qb4 16. Qd2 Nc6 17. a3 Qa4 18. Be2 Rd8 19. Qc2 Qxc2 20. Rxc2 Be6
21. O-O Rac8 22. b4 Nd4 23. Nxd4 Rxd4 24. Rfc1 Bf5 25. Rc3 a5 26. bxa5 Rc5 27.
Bf3 Be4 28. Bxe4 Rxe4 29. f3 Re2 30. Kf1 Rb2 31. R1c2 Rb1+ 32. Rc1 Rb2 33. R1c2
Rb1+ 34. Kf2 Rxa5 35. Rd2 Rc5 36. Ke3 Kf8 37. Kd3 Ke7 38. Kc2 Rb6 39. Re3+ Kf6
40. Kc3 Ra5 41. Kc2 Rba6 42. Rd7 Rxa3 43. Ree7 Ra2+ 44. Kc3 R2a3+ 45. Kd4 Rd6+
46. Rxd6+ Kxe7 47. Rb6 Ra7 48. h4 Kd7 49. Rb5 Kc6 50. Rc5+ Kd6 51. Rd5+ Kc6 52.
Rf5 b6 53. h5 Ra2 54. g4 f6 55. Rf4 Ra5 56. Re4 Kd7 57. Re3 Rg5 58. Rd3 b5 59.
f4 Rxg4 60. Kc5+ Kc8 61. cxb5 Rxf4 62. Rg3 Rf5+ 63. Kc6 Rxh5 64. Rxg7 Rg5 65.
Rf7 Rg8 66. Kb6 Kb8 67. Ka6 h5 68. b6 f5 69. Rb7+ Ka8 70. Ra7+ Kb8 1/2-1/2

[Event "Lichtenrader Herbst 2019"]
[Site "Berlin"]
[Date "2019.10.20"]
[Round "9.9"]
[White "Hommel, Niclas"]
[Black "Jaeschke, Jens-Uwe"]
[Result "1/2-1/2"]
[WhiteElo "2065"]
[BlackElo "2116"]
[PlyCount "96"]
[EventDate "2019.??.??"]

1. e4 e5 2. Nf3 Nc6 3. Bc4 d6 4. d4 exd4 5. Nxd4 g6 6. Nxc6 bxc6 7. Qd4 Qf6 8.
Qxf6 Nxf6 9. Nc3 Be6 10. Bxe6 fxe6 11. e5 Nd7 12. exd6 cxd6 13. Bf4 e5 14. Bg3
Bh6 15. O-O O-O 16. Rad1 d5 17. Ne2 Rfe8 18. c4 Nb6 19. cxd5 cxd5 20. Nc3 Rad8
21. Rfe1 Bg7 22. f3 d4 23. Ne4 Nd5 24. Nc5 Ne3 25. Rc1 Nf5 26. Nd3 Nxg3 27.
hxg3 Rc8 28. Rxc8 Rxc8 29. Rc1 Rxc1+ 30. Nxc1 Kf7 31. Kf1 Ke6 32. Ke2 Kd5 33.
Kd3 Bf8 34. Ne2 h5 35. Nc1 Bh6 36. Nb3 Be3 37. Na5 Bf2 38. Nc4 Bxg3 39. Nd2 Bh4
40. Ne4 Be7 41. Nd2 g5 42. Ne4 g4 43. fxg4 hxg4 44. Nf2 Bg5 45. Ne4 Bd8 46. Nf2
Be7 47. Ne4 Bd8 48. Nf2 Be7 1/2-1/2

[Event "Lichtenrader Herbst 2019"]
[Site "Berlin"]
[Date "2019.10.20"]
[Round "9.10"]
[White "Spors, Carl Philip"]
[Black "Rettore, Ludwig"]
[Result "0-1"]
[WhiteElo "1971"]
[BlackElo "2068"]
[PlyCount "64"]
[EventDate "2019.??.??"]

1. e4 e5 2. Nf3 Nc6 3. d4 Nf6 4. dxe5 Nxe4 5. Qe2 Nc5 6. Nc3 Ne6 7. h4 b6 8.
Be3 Bb4 9. Qc4 a5 10. Qe4 Bb7 11. Ng5 Qe7 12. Nxh7 O-O-O 13. Bd3 Bxc3+ 14. bxc3
Nb4 15. Qf5 g6 16. Qf6 Nxd3+ 17. cxd3 Qa3 18. Ng5 Qxc3+ 19. Ke2 Qb2+ 20. Bd2
Nd4+ 21. Ke3 Nc2+ 22. Ke2 Nd4+ 23. Ke3 Nc2+ 24. Ke2 Nxa1 25. Rc1 Nc2 26. g3
Rde8 27. Kd1 Nd4 28. Nxf7 Rhf8 29. Qxg6 Rxf7 30. Qxf7 Bf3+ 31. Ke1 Rxe5+ 32.
Kf1 Qxd2 0-1